000
00348nam a2200133Ia 4500
008
230312s9999||||xx |||||||||||||| ||und||
082
_a
891.4
_b
YOU-H
100
_a
محمد یوسف کاندھلوی
245
0
_a
حَیاتُ الصَّحابہ
260
_b
کتب خانہ فیضی
_a
pak
300
_a
754
650
_a
Literature
942
_c
BK
999
_c
13841
_d
13841